000
00337nam a2200145Ia 4500
005
20250410072816.0
008
240331s9999 xx 000 0 und d
082
_a
200
_b
TIR
100
_a
Tirulogaseetharaam,
245
0
_a
Sitthartthan
260
_a
Chennai
_b
Thamilini
_c
1998
300
_a
131 p .,
650
_a
Short Stories
942
_c
L
999
_c
843
_d
843